Fundamentals of Accounting (Record no. 42214)
[ view plain ]
| 000 -LEADER | |
|---|---|
| fixed length control field | 00461nam a2200181Ia 4500 |
| 008 - FIXED-LENGTH DATA ELEMENTS--GENERAL INFORMATION | |
| fixed length control field | 220531s9999 xx 000 0 und d |
| 041 ## - LANGUAGE CODE | |
| Language code of text/sound track or separate title | eng |
| 082 ## - DEWEY DECIMAL CLASSIFICATION NUMBER | |
| Classification number | - |
| Item number | FUN / PAU |
| 100 ## - MAIN ENTRY--PERSONAL NAME | |
| Personal name | Paul. S. Kr. |
| 9 (RLIN) | 75970 |
| 245 ## - TITLE STATEMENT | |
| Title | Fundamentals of Accounting |
| 250 ## - EDITION STATEMENT | |
| Edition statement | 4th |
| 260 ## - PUBLICATION, DISTRIBUTION, ETC. (IMPRINT) | |
| Place of publication, distribution, etc. | Calcutta |
| Name of publisher, distributor, etc. | Central Educational Enterprises |
| Date of publication, distribution, etc. | 2001 |
| 300 ## - PHYSICAL DESCRIPTION | |
| Extent | 982 |
| 542 ## - INFORMATION RELATING TO COPYRIGHT STATUS | |
| Copyright holder | 11-03-2017 |
| 650 ## - SUBJECT ADDED ENTRY--TOPICAL TERM | |
| Topical term or geographic name as entry element | Accounting |
| 9 (RLIN) | 75971 |
| 906 ## - LOCAL DATA ELEMENT F, LDF (RLIN) | |
| d | 2016-2017 |
| f | 10166 |
| Withdrawn status | Lost status | Source of classification or shelving scheme | Damaged status | Not for loan | Collection code | Home library | Current library | Date acquired | Vendor | Cost, normal purchase price | Total Checkouts | Total Holds | Full call number | Barcode | Date last seen | Cost, replacement price | Bill Date | Koha item type | Original Barcode |
|---|---|---|---|---|---|---|---|---|---|---|---|---|---|---|---|---|---|---|---|
| Dewey Decimal Classification | Shri Siddhivinayak Mahila Mahavidyalaya | Shri Siddhivinayak Mahila Mahavidyalaya | 11/03/2017 | Sunil Kelkar | 190.00 | 1 | -/FUN/PAU/B/25590 | SSMM-BK-25590 | 06/08/2022 | 195.00 | 06/08/2022 | Books | 010025590 |